| 000 | 00490nam a22001697a 4500 | ||
|---|---|---|---|
| 999 |
_c8668 _d8668 |
||
| 008 | 201209b ||||| |||| 00| 0 eng d | ||
| 040 | _aBMS College of Architecture | ||
| 100 | _aIsaac, Susan Anne | ||
| 245 | _aMusic academy | ||
| 300 | _aNA | ||
| 500 | _a1BM12AT072 | ||
| 502 |
_8B,Arch _NBMS College of Architecture, Visvesvaraya Technological University (VTU) _aProject report _d2016 |
||
| 650 | _aNA | ||
| 700 |
_aAmbreesh _eGuide |
||
| 700 |
_aBhagyalaxmi _eGuide |
||
| 942 |
_2ddc _cTHE |
||